书目信息 |
| 题名: |
未来建筑竞标·中国
|
|
| 作者: | 马蒂内 , 皮纳乔 主编 ;西班牙未来建筑出版社 编 | |
| 分册: | 第10辑 物质、细节及形状 | |
| 出版信息: | 杭州 浙江大学出版社 2014.05 |
|
| 页数: | 235页 | |
| 开本: | 39cm | |
| 丛书名: | ||
| 单 册: | ||
| 中图分类: | TU206 | |
| 科图分类: | ||
| 主题词: | 建筑设计--世界--现代--图集 | |
| 电子资源: | ||
| ISBN: | 978-7-308-13031-8 | |
| 000 | 01221nam0 2200277 450 | |
| 001 | 007371451 | |
| 005 | 20160519171708.73 | |
| 010 | @a978-7-308-13031-8@dCNY300.00 | |
| 100 | @a20141022d2014 em y0chiy50 ea | |
| 101 | 0 | @achi@aeng@aspa |
| 102 | @aCN@b330000 | |
| 105 | @aa z 000yy | |
| 106 | @ad | |
| 200 | 1 | @a未来建筑竞标·中国@Awei lai jian zhu jing biao · zhong guo@h第10辑@i物质、细节及形状@dFuture arquitecturas competitions China@h10@iMaterial, detail and form@ffuture arquitecturas s.l.编@Ffuture arquitecturas s.l.bian@zeng |
| 210 | @a杭州@c浙江大学出版社@d2014.05 | |
| 215 | @a235页@d39cm | |
| 300 | @a浙江大学建筑工程学院 浙江大学建筑设计研究院有限公司 西班牙未来建筑联合主办 | |
| 314 | @a主编:(西)Gerardo Mingo Pinacho、(西)Gerardo Mingo Martinez | |
| 510 | 1 | @aFuture arquitecturas competitions China@h10@iMaterial, detail and form@zeng |
| 606 | 0 | @a建筑设计@y世界@z现代@j图集 |
| 690 | @aTU206@v5 | |
| 701 | 0 | @c(西)@a马蒂内@Ama di nei@c(Martinez, Gerardo Mingo)@4主编 |
| 701 | 0 | @c(西)@a皮纳乔@Api na qiao@c(Pinacho, Gerardo Mingo)@4主编 |
| 712 | 02 | @a西班牙未来建筑出版社@Axi ban ya wei lai jian zhu chu ban she@4编 |
| 801 | 0 | @aCN@c20141022 |
| 905 | @a241430@dTU206@eW567-2:10@f1 | |
| 未来建筑竞标·中国.第10辑.物质、细节及形状=Future arquitecturas competitions China.10.Material, detail and form/future arquitecturas s.l.编.-杭州:浙江大学出版社,2014.05 |
| 235页;39cm |
| 浙江大学建筑工程学院 浙江大学建筑设计研究院有限公司 西班牙未来建筑联合主办 |
| ISBN 978-7-308-13031-8:CNY300.00 |
| ● |
| 相关链接 |
|
|
|
正题名:未来建筑竞标·中国
索取号:TU206/W567-2:10
 
预约/预借
| 序号 | 登录号 | 条形码 | 馆藏地/架位号 | 状态 | 备注 |
| 1 | 1116351 | 211163514 | 建筑库101/101建筑库 100排7列1层/ [索取号:TU206/W567-2:10] | 在馆 | |
| 2 | 1235825 | 212358250 | 建筑与城市规划学院资料室/ [索取号:TU206/W567-2:10] | 在馆 |